Příhody malého kouzelníka : [s anglickým a českým textem] /

Hlavní autor: Färber, Werner, 1957-
Další autoři: Ginsbach, Julia, 1967-
Jazyk: Čeština
Angličtina
Vydáno: Praha : Thovt, c2006
Edice: Svět ukrytý v anglické abecedě
Témata:
Fyzický popis: 40, [4] s. : barev. il. ; 25 cm
Language note: Souběžný anglický text
Knihy
Uloženo v:
LEADER 01970nam a2200541 a 4500
001 nkc20061698027
003 CZ PrNK
005 20110927171513.0
007 ta
008 061116s2006 xr a b 000 j cze
015 |a cnb001698027 
020 |a 80-86969-16-9  |q (váz.) 
035 |a (OCoLC)85723491 
040 |a OLA001  |b cze  |d ABA001 
041 1 |a cze  |a eng  |h ger 
072 7 |a 811.111  |x Angličtina  |2 Konspekt  |9 11 
072 7 |a 821-93  |x Literatura pro děti a mládež (beletrie)  |2 Konspekt  |9 26 
080 |a 821-93  |2 MRF 
080 |a 821-32  |2 MRF 
080 |a 811.111  |2 MRF 
080 |a 028.4-028.31/.32  |2 MRF 
080 |a (0:82-32)  |2 MRF 
080 |a (0.027)=030  |2 MRF 
100 1 |a Färber, Werner,  |d 1957-  |7 mzk2006368244  |4 aut 
245 1 0 |a Příhody malého kouzelníka :  |b [s anglickým a českým textem] /  |c text Werner Färber ; ilustrace Julia Ginsbachová ; [přeložila Barbora Molnárová] 
260 |a Praha :  |b Thovt,  |c c2006 
300 |a 40, [4] s. :  |b barev. il. ;  |c 25 cm 
490 1 |a Svět ukrytý v anglické abecedě 
500 |a Přeloženo z němčiny 
546 |a Souběžný anglický text 
650 0 7 |a angličtina  |7 ph114056  |2 czenas 
650 0 7 |a zjednodušená četba  |7 ph656682  |2 czenas 
650 0 9 |a English language  |2 eczenas 
650 0 9 |a simplified reading  |2 eczenas 
655 7 |a publikace pro děti  |7 fd133156  |2 czenas 
655 7 |a příběhy  |7 fd133204  |2 czenas 
655 7 |a dvojjazyčná vydání  |7 fd194533  |2 czenas 
655 9 |a children's literature  |2 eczenas 
655 9 |a stories  |2 eczenas 
655 9 |a bilingual editions  |2 eczenas 
700 1 |a Ginsbach, Julia,  |d 1967-  |7 mzk2006368246  |4 ill 
765 0 |t Bildermaus-Geschichten vom kleinen Zauberer  |9 Česky 
830 0 |a Svět ukrytý v anglické abecedě  |0 s 
910 2 |a BOA001  |b 2-1177.407 
990 |a BK 
995 |a 01 
991 |b 200612 
996 6 |b 2610295069  |c 2-1177.407  |l MZK  |r Sklad / do 1 hodiny  |n 2  |p p.v.  |w 000833627  |u 000010  |a 1  |e BOA001  |j MZK50  |s P